000 01202nam a22002897a 4500
005 20240530110343.0
008 141120s2008 ua gr 000 0bara d
017 _a13564/2008
_2مصر . دار الكتب المصرية
020 _a9774377966
040 _aEG-CaGPL
082 0 4 _221
_a954.022\
_bس ع
100 0 _aسيد سليمان الندوى
245 1 _aالعلاقات العربية الهندية /
_cتاليف سيد سليمان الندوى ؛ ترجمة وتقديم احمد محمد عبدالرحمن
250 _aط1
260 _a21
_b954.022\
_cس ع
300 _a301 ص ؛
_c24 سم
650 0 4 _aالرحالة العرب
650 0 4 _aالمؤرخون العرب
651 0 4 _aالهند
_xوصف ورحلات
651 0 4 _aالهند
_xوصف ورحلات
_xعلاقات تجارية
651 0 4 _aالهند
_xتاريخ
_xانتشار الاسلام
651 0 4 _aالهند
_xوصف ورحلات
_xعلاقات دينية
651 0 4 _aالعالم العربى
_xالعلاقات الخارجية
_zالهند
700 0 _aاحمد محمد عبدالرحمن
_eمترجم ومقدم
942 _2ddc
_cBK
999 _c59913
_d59913